000 00734npc a2200229Ia 4500
001 dd32-43775
003 IT-MiCISF
008 161014s9999||||xx | und||
040 _aIT-MiCISF
_cIT-MiCISF
041 _ait
100 _aZajczyk Francesca
245 0 _aSfide, rischi, opportunità del mondo flessibile
_bUno studio sulla vita quotidiana dei giovani lavoratori
250 _a1a ed.
260 _a Univ. degli Studi Milano Bicocca
_bDip. di sociologia e ricerca sociale
_c2006
300 _app. 2-69
500 _a / lavoro, disoccupazione, reddito, progetto, uscita-dalla-famiglia /
650 _alavoro
700 _aFiore Brunella
700 _aMemo Francesco
942 _cDD
957 _71
999 _a43775
_bsi
_g1
_c208153
_d208153